| 000 | 00876nam a22002297a 4500 | ||
|---|---|---|---|
| 001 | 48688 | ||
| 003 | BD-RjUL | ||
| 005 | 20211209054552.0 | ||
| 008 | 160816s2001 bg a|||| |||| 00| 0 ben d | ||
| 020 |
_a9840741950 _c: TK. 280.00 |
||
| 035 | _a(BD-RjUL)48807 | ||
| 040 |
_aBD-RjUL _bben _cBD-RjUL _dBD-RjUL |
||
| 041 | _aben | ||
| 082 |
_223 _a541 _bPAV 2001 |
||
| 100 |
_aপাল, সুভাস চন্দ্র _9137041 |
||
| 245 |
_aভৌত রসায়ন পরীক্ষা / _cসুভাস চন্দ্র পাল |
||
| 260 |
_aঢাকা : _bবাংলা একাডেমী, _c২০০১, |
||
| 300 |
_a[এগার], ৫৪৮ পৃ. : _bচিএ ; _c২৪ সেমি. |
||
| 650 |
_aরসায়ন _xভৌত ও তত্ত্বীয় _9146964 |
||
| 650 |
_aChemistry _xPhysical and theoretical _9146965 |
||
| 942 |
_2ddc _cBK |
||
| 999 |
_c48688 _d48688 |
||